Statistics for cryptic pop bands

Click here to take the quiz!

General Stats

  • This quiz has been taken 86 times
  • The average score is 7 of 20

Answer Stats

HintAnswer% Correct
elizabethqueen
75%
dorothys poochtoto
63%
dinosaurt rex
63%
enviromental 24 hrsgreen day
61%
sinatra travels to californiafrankie goes to hollywood
51%
insanitymadness
51%
sahara mirageoasis
46%
soggy cookielimp bizkit
41%
ss enterprisestarship
39%
sweaty abode bloomshothouse flowers
37%
utopianirvana
34%
three foot eaglesyardbirds
25%
rulers of masonry eraqueens of the stone age
24%
easy thinkingsimple minds
23%
crazy kebabmadonna
17%
burning mouth appendagesflaming lips
15%
grumpy chelseamoody blues
13%
russiabig country
4%
peak summit roof nadirthe four tops
3%
mansons driverkasabian
0%

Score Distribution

Percentile by Number Answered

Percent of People with Each Score

Your Score History

You have not taken this quiz